Regionalisation and Global Governance: the taming of globalisation (Record no. 5438)

MARC details
000 -LEADER
fixed length control field 00640nam a22002057a 4500
003 - CONTROL NUMBER IDENTIFIER
control field OSt
005 - DATE AND TIME OF LATEST TRANSACTION
control field 20161208142422.0
008 - FIXED-LENGTH DATA ELEMENTS--GENERAL INFORMATION
fixed length control field 161208b xxu||||| |||| 00| 0 eng d
020 ## - INTERNATIONAL STANDARD BOOK NUMBER
International Standard Book Number 9780415453776
040 ## - CATALOGING SOURCE
Transcribing agency DDC
082 ## - DEWEY DECIMAL CLASSIFICATION NUMBER
Classification number 341.2 REG 2008
100 ## - MAIN ENTRY--PERSONAL NAME
Personal name Edited by Andrew, F. Cooper; Christopher W. Hughes; Philippe de Lombaerde
9 (RLIN) 11364
245 ## - TITLE STATEMENT
Title Regionalisation and Global Governance: the taming of globalisation
260 ## - PUBLICATION, DISTRIBUTION, ETC. (IMPRINT)
Place of publication, distribution, etc. London; Routledge, 2008
300 ## - PHYSICAL DESCRIPTION
Extent xvi,269p; ill: 23.5cm
504 ## - BIBLIOGRAPHY, ETC. NOTE
Bibliography, etc References, & index included
650 ## - SUBJECT ADDED ENTRY--TOPICAL TERM
Topical term or geographic name as entry element Globalization
9 (RLIN) 952
650 ## - SUBJECT ADDED ENTRY--TOPICAL TERM
Topical term or geographic name as entry element Regional governance
9 (RLIN) 11365
942 ## - ADDED ENTRY ELEMENTS (KOHA)
Source of classification or shelving scheme Other/Generic Classification Scheme
Koha item type Open Shelf
Holdings
Withdrawn status Lost status Source of classification or shelving scheme Damaged status Not for loan Home library Current library Date acquired Source of acquisition Inventory number Total Checkouts Full call number Barcode Date last seen Koha item type
    Dewey Decimal Classification     MUST Main Library MUST Main Library 08/12/2016   15/39020   341.2 REG 2008 2016-5019 08/12/2016 Open Shelf
    Dewey Decimal Classification     MUST Main Library MUST Main Library 08/12/2016   15/39021   341.2 REG 2008 2016-5020 08/12/2016 Open Shelf